01281nam a2200265 a 450000100100000000500170001000800410002704000250006808200160009311000320010924000170014124502090015826000720036730000230043950000400046250002120050270000290071470000300074370000350077370000330080870000340084104900090087595201140088499900170099800003277320200930065826.0100222s1921 dr 001 0 spa d aDO-SdBNPbspacBNPHU axxxxbR426l1 aRepública Dominicana944713a[Leyes etc.]10aLeyes generales para el gobierno de la G...O...U... De O..F...En .. A.... /crecopiladas por Edward H. Morris ; traductores P. M. V. P. Issac Flores, José N. Mao Kay, Mario E. Mazara y E. Arturo Alardo. aLa Romana, República Dominicana :bImprenta "La Tarde",c1921 cm. a125 p. : ;c18 cm. aComisión ejecutiva de 1920 y 1922 aRedactadas por las Asambleas anuales y bienales celebradas en América desde el año 1845 hasta 1914 inclusive, con partes escojidas en las leyes generales inglesas y decisiones del S. G. A. de 1902 a 19071 aMorris, Edward H.9586021 aFlores, Issacetr.9586031 aMao Kay, José N.etr.9586041 aMazara, Mario E.etr.9586051 aAlardo, E. Arturoetr.958606 aBNPD 0010718PDaPDbPDcCTd2011-07-26iLF1l0oxxxx R426lp32773-10r2020-06-25w2020-06-25yLFPDZNo se presta c32264d32264